01078nam a2200289 a 4500001001000000005001700010041000800027044000800035084002100043100004500064245004700109260003900156300002900195440002600224500004700250500009900297500003600396500001000432546002400442650005200466650005600518650003400574650004500608700004100653700004400694740005000738BRCA_341420190320204254.0 aeng anyu a703b.D634c19301 aCervantes Saavedra, Miguel ded1547-161610aStories from Don QuixotecBy H. L. Havell. aNueva YorkbDodge Publishingc1930 axix, 232 p.bil.c20 cm. 0aTold Through the Ages aContenido : Texto compendiado de la novela aEdición igual a la anterior [702]. Tela; lomo y plano decorados con dorados Lúdovik Osterc aCon ex-libris de : Towle, H. B. aQMB17 aTexto en : inglés14aNovela españolayÉpoca clásica, 1500-170014aLiteratura españolayÉpoca clásica, 1500-170014aNovela españolaySiglo XVII14aDon Quijote (Personaje ficticio)eNovela1 aHavell, Herbert Lordd?-1913eEditor1 aMarriott, Ernestd1882-1918eIlustrador0 aEl Ingenioso Hidalgo Don Quijote de la Mancha